[Event "Bayern-ch (Women) 81st"]
[Site "Bad Koenigshofen"]
[Date "2010.08.29"]
[Round "9"]
[White "Schneider, Simone"]
[Black "Dauer, Christina"]
[Result "0-1"]
[WhiteElo "1468"]
[BlackElo "1838"]
[PlyCount "46"]
[EventDate "2010.08.22"]
[EventType "swiss"]
[EventRounds "9"]
[EventCountry "GER"]
[SourceTitle "EXT 2015"]
[Source "ChessBase"]
[SourceDate "2014.11.20"]
[SourceVersion "1"]
[SourceVersionDate "2014.11.20"]
[SourceQuality "1"]

1. Nf3 d5 2. g3 Nf6 3. Bg2 c6 4. 0-0 Bf5 5. d3 Nbd7 6. Re1 Qb6 7. h3 e5 8. Nbd2 Bc5 9. e3 0-0 10. a3 Rae8 11. b4 Bd6 12. Nb3 e4 13. Nfd4 Bg6 14. f4 exf3 15. Qxf3 Nc5 16. Qe2 Qc7 17. e4 dxe4 18. dxe4 Ncd7 19. g4 Nxe4 20. Nf5 Bxf5 21. gxf5 Bh2+ 22. Kf1 Ng3+ 23. Kf2 Nxe2 0-1

[Event "Bayern-ch (Women) 81st"]
[Site "Bad Koenigshofen"]
[Date "2010.08.25"]
[Round "4"]
[White "Gremer, Kathrin"]
[Black "Schneider, Simone"]
[Result "1-0"]
[WhiteElo "1680"]
[BlackElo "1468"]
[PlyCount "105"]
[EventDate "2010.08.22"]
[EventType "swiss"]
[EventRounds "9"]
[EventCountry "GER"]
[SourceTitle "EXT 2015"]
[Source "ChessBase"]
[SourceDate "2014.11.20"]
[SourceVersion "1"]
[SourceVersionDate "2014.11.20"]
[SourceQuality "1"]

1. e4 c5 2. Bc4 Nc6 3. Nf3 d6 4. h3 Nf6 5. Nc3 g6 6. d3 Bg7 7. Bg5 0-0 8. Qd2 a6 9. 0-0 e6 10. Rfe1 b5 11. Bb3 Bb7 12. Rad1 Na5 13. a3 Nxb3 14. cxb3 Rc8 15. Nh2 h5 16. Qf4 e5 17. Qh4 Qe7 18. Nd5 Bxd5 19. exd5 Rc7 20. Re3 Rfc8 21. Rf3 c4 22. dxc4 bxc4 23. Bxf6 Bxf6 24. Qxf6 cxb3 25. Qxe7 Rxe7 26. Rxb3 Rd7 27. Rb6 Ra8 28. Rc1 Kf8 29. Rcc6 a5 30. Nf3 Ke7 31. Nd2 Raa7 32. Nc4 a4 33. Kf1 f5 34. Ra6 g5 35. Ke2 Rdc7 36. Rxa7 Rxa7 37. Rxd6 Rc7 38. Rc6 Rd7 39. d6+ Ke6 40. Ra6 Rd8 41. Rxa4 Kd5 42. b3 e4 43. Ne3+ Kc5 44. Nxf5 Kd5 45. Ke3 Rd7 46. Rxe4 Kc6 47. a4 Kc5 48. b4+ Kb6 49. Kd4 Kc6 50. b5+ Kb6 51. Kd5 Kb7 52. Re7 Kc8 53. Rxd7 1-0

[Event "Bayern-ch (Women) 80th"]
[Site "Immenstadt"]
[Date "2009.08.30"]
[Round "9"]
[White "Lorenz, Oda"]
[Black "Schneider, Simone"]
[Result "1-0"]
[WhiteElo "1700"]
[BlackElo "1477"]
[PlyCount "53"]
[EventDate "2009.08.22"]
[EventType "swiss"]
[EventRounds "9"]
[EventCountry "GER"]
[SourceTitle "EXT 2015"]
[Source "ChessBase"]
[SourceDate "2014.11.20"]
[SourceVersion "1"]
[SourceVersionDate "2014.11.20"]
[SourceQuality "1"]

1. e4 c5 2. d4 cxd4 3. c3 dxc3 4. Nxc3 Nc6 5. Nf3 e6 6. Bc4 Bb4 7. 0-0 Bxc3 8. bxc3 Nge7 9. Bg5 0-0 10. Qd6 f6 11. Be3 b6 12. Rfd1 Kh8 13. Bb3 a6 14. Rab1 b5 15. Bc5 Ng6 16. Bxe6 Qe8 17. Bf5 Nce5 18. Nxe5 fxe5 19. Bxg6 hxg6 20. Qxf8+ Qxf8 21. Bxf8 Bb7 22. Bxg7+ Kxg7 23. Rxd7+ Kf6 24. Rxb7 Kg5 25. f3 Rd8 26. Rb2 Kf4 27. Kf2 1-0